[Event "Central-SRB chT 2018"]
[Site "Kragujevac"]
[Date "2018.09.18"]
[Round "7"]
[White "Todorovic, Bojan"]
[Black "Pezelj, Novak"]
[Result "1/2-1/2"]
[WhiteElo "2318"]
[BlackElo "2457"]
[Annotator "TA"]
[PlyCount "62"]
[EventDate "2018.09.14"]
[EventType "team-tourn"]
[EventCountry "SRB"]
[SourceTitle "playchess.com"]
[Source "ChessBase"]
[SourceQuality "1"]

{[%evp 15,62,0,26,23,29,42,37,50,49,43,59,8,3,6,54,56,58,51,54,51,74,47,99,43,45,38,42,49,64,51,72,64,107,90,83,59,54,58,62,60,63,36,90,91,97,94,84,97,79]} 1. Nf3 d5 2. g3 Nf6 3. Bg2 e6 4. O-O Be7 5. c4 O-O 6. b3 c5 7. Bb2 Nc6 8. e3 Qb6 9. cxd5 {A14: English Opening: 1...e6 with b3 by White} (9. Na3 Rd8 10. Qe2 Bd7 11. d3 Qa5 12. Nd2 Nb4 13. Nf3 Nc6 14. Rfd1 Rac8 15. h3 Be8 16. cxd5 exd5 {1-0 (74) Ernst,S (2546)-Van den Doel,E (2593) Amsterdam 2018}) 9... exd5 10. Nc3 Bf5 11. d4 {[%cal Bd2d4,Bd4e5][%mdl 32] White is slightly better.} c4 12. Ne5 Rfd8 $146 {[#]} ({Predecessor:} 12... cxb3 13. axb3 Rfd8 14. Na4 Qa5 15. Nc3 Qb6 16. Nxc6 bxc6 {1-0 (50) Jurek,J (2319)-Englmeier,H (2192) Wuerttemberg 2000}) 13. g4 (13. Nxd5 $1 $14 {[%mdl 512]} Rxd5 14. Bxd5 Nxd5 15. Qf3) 13... Be6 $11 14. h3 Nxe5 15. dxe5 Ne4 16. Ne2 $1 Nc5 {[%cal Rc4b3]} 17. Bd4 cxb3 18. Rb1 Bd7 (18... Rac8 $14) 19. Nc3 (19. Nf4 $16) 19... Bc6 $1 $14 20. axb3 Qb4 21. Qc2 Rac8 22. Rfd1 Bf8 23. Qb2 a5 24. Na2 Qb5 25. Bf1 Qb6 26. b4 $36 {[%mdl 2048] Black is under pressure.} axb4 $1 27. Nxb4 Ba4 28. Rdc1 {Strongly threatening Qa2.} Qe6 (28... Qg6 $14) 29. Nd3 $16 {White is better.} Nxd3 30. Bxd3 Rxc1+ 31. Rxc1 Bc6 {Precision: White = 65%, Black = 55%.} 1/2-1/2

[Event "Central-SRB chT 2018"]
[Site "Kragujevac"]
[Date "2018.09.18"]
[Round "7"]
[White "Mirkovic, Stevan"]
[Black "Nestorovic, Dejan"]
[Result "1/2-1/2"]
[WhiteElo "2307"]
[BlackElo "2340"]
[Annotator "TA"]
[PlyCount "97"]
[EventDate "2018.09.14"]
[EventType "team-tourn"]
[EventCountry "SRB"]
[SourceTitle "playchess.com"]
[Source "ChessBase"]
[SourceQuality "1"]

{[%evp 9,97,0,0,4,4,-2,6,-1,2,11,18,-17,-24,-25,-33,-12,-17,-35,-26,-33,-20,-55,-48,-54,-12,-59,-54,-62,-61,-59,-47,-73,-65,-67,-66,-77,0,0,0,0,0,-38,0,0,0,0,0,0,0,-33,-27,-29,0,-139,-19,-153,-130,-994,-939,-899,-668,-164,0,-31,0,0,0,-80,0,-10,-5,-21,-25,-26,-26,-26,-21,-21,0,-24,0,0,0,-25,-24,-12841,-12841,-12840,0,0]} 1. Nf3 Nf6 2. c4 e6 3. Nc3 Bb4 4. Qc2 c5 5. e4 (5. a3 Ba5 6. g3 O-O 7. Bg2 Nc6 8. O-O d6 9. e3 e5 10. Nd5 h6 11. Rb1 Nxd5 12. cxd5 Ne7 13. b4 cxb4 14. axb4 Bb6 15. Qb3 Bg4 16. d3 f5 {0-1 (29) Shchekachev,A (2540)-Rodshtein,M (2678) Brest 2018}) 5... d6 6. Be2 {A17: English Opening: 1...Nf6 with ...Bb4} Nc6 7. O-O O-O $146 ({Predecessor:} 7... e5 8. Nd5 O-O 9. d3 h6 10. h3 Ba5 11. a3 Nxd5 12. cxd5 Ne7 {½-½ (59) Zetocha,C (2333)-Karas,M (2196) Slovakia 2017}) 8. d3 h6 9. h3 a6 10. Nd1 Bd7 11. Ne3 b5 12. a3 Ba5 13. b3 Rb8 14. Bb2 e5 {[%cal Be6e5,Be5d4][%mdl 32]} 15. Rab1 Nd4 16. Nxd4 exd4 17. Ng4 Nxg4 18. Bxg4 Bxg4 19. hxg4 Qh4 20. f3 bxc4 21. Qxc4 Rb5 22. a4 Bd2 (22... Rb6 $17) 23. Bc1 $11 {[#]} Bxc1 $1 {[%mdl 512]} 24. Rfxc1 (24. Rbxc1 Rb6) 24... Rb6 25. e5 dxe5 26. Qxc5 Re6 27. Re1 Rfe8 28. b4 h5 29. gxh5 Qxh5 30. b5 Rg6 {aiming for ...Qxf3.} 31. Qd5 (31. b6 $11 Qxf3 32. Qc2) 31... axb5 (31... Rh6 $17 {Threatens to win with ...Qh2+.} 32. Qa2 axb5 33. axb5 Qh2+ 34. Kf2 Rg6) 32. axb5 (32. Rxb5 $11 {was the only way to keep the balance.} Qg5 33. Rb2) 32... Rh6 $36 {[%mdl 2048] Black is really pushing.} 33. b6 $2 {[%mdl 8192]} (33. Qa2 $17) 33... Qh2+ $19 34. Kf2 Rg6 {[%csl Gg6][%cal Rh2g2]} 35. Rg1 {[#]} Qg3+ $2 (35... Rc8 $1 $19 36. Qb3 Qh4+ 37. Ke2 Rb8) 36. Ke2 {White wants to play b7.} Qh2 37. Kf1 {Hoping for b7.} Qf4 38. Qa2 (38. b7 $11 Rb6 39. Rxb6 Qc1+ 40. Kf2 Qe3+ 41. Kg3 Qg5+ 42. Kh3 (42. Kf2 Qe3+ 43. Kg3 Qg5+ 44. Kh3 Qh5+ 45. Kg3 Qg5+ $11) 42... Qh5+ 43. Kg3 Qg5+ 44. Kh3 (44. Kf2 Qe3+ 45. Kg3 Qg5+ $11) 44... Qh5+ 45. Kg3 Qg5+) 38... Rc8 (38... Rc6 $17 39. b7 Rb8) 39. b7 Rc1+ 40. Rxc1 Qxc1+ $11 {[%mdl 4096] Endgame KQR-KQR} 41. Kf2 Qe3+ 42. Kf1 Qxd3+ 43. Kf2 Qe3+ 44. Kf1 Qd3+ 45. Kf2 Qe3+ 46. Kf1 Rb6 {...Qc1+ is the strong threat.} 47. Rh1 $2 {[%mdl 8192]} (47. Qa8+ $11 Kh7 48. Rh1+ Kg6 49. b8=Q Rxb8 50. Qxb8 Qc1+ 51. Kf2 Qxh1 52. Qxe5) 47... Qc1+ $19 48. Kf2 Qe3+ $2 ({Black should play} 48... Rb2+ $19 49. Qxb2 Qxb2+ 50. Kg3 Qxb7) 49. Kf1 {Precision: White = 35%, Black = 54%.} 1/2-1/2

[Event "Central-SRB chT 2018"]
[Site "Kragujevac"]
[Date "2018.09.18"]
[Round "7"]
[White "Irizanin, Radoje"]
[Black "Stankovic, Milos"]
[Result "*"]
[WhiteElo "2296"]
[BlackElo "2443"]
[Annotator "TA"]
[PlyCount "126"]
[EventDate "2018.09.14"]
[EventType "team-tourn"]
[EventCountry "SRB"]
[SourceTitle "playchess.com"]
[Source "ChessBase"]
[SourceQuality "1"]

{[%evp 15,126,0,0,-9,-14,-16,-4,0,-12,0,0,-19,15,9,16,22,30,37,46,39,39,28,28,35,31,32,43,31,34,0,59,57,51,43,76,0,48,-45,0,-120,-106,-183,-178,-173,-174,-219,-129,-123,-76,-131,-2,-2,-2,-2,-2,-2,-2,-2,-2,-93,-54,-137,0,0,0,0,0,0,0,-63,-64,-64,-64,-64,-66,-66,0,0,0,0,0,-68,0,-68,-68,-69,-69,-69,0,0,0,-69,-69,-69,-69,-69,-25,-63,0,0,0,0,0,0,0,0,0,0,0,0,296,0,0]} 1. d4 Nf6 2. Nf3 g6 3. Nbd2 d5 4. e3 Bg7 5. b4 O-O 6. c4 a5 {D02: 1 d4 d5 2 Nf3 sidelines, including 2...Nf6 3 g3 and 2...Nf6 3 Bf4} 7. b5 c5 8. bxc6 (8. Bb2 Nbd7 9. Be2 b6 10. O-O Bb7 11. Rc1 Rc8 12. cxd5 Bxd5 13. Bc4 Bb7 14. Qe2 {1-0 (45) Inarkiev,E (2690)-Wei,Y (2735) Magas 2018}) 8... Nxc6 {LiveBook: 5 Games} 9. Ba3 Re8 $146 ({Predecessor:} 9... Bf5 10. Nh4 Bg4 11. Be2 Bxe2 12. Qxe2 e5 13. Bxf8 Qxf8 14. dxe5 Nxe5 {½-½ (128) Stefanova,A (2481)-Batsiashvili,N (2528) Tbilisi 2018}) 10. Be2 e5 11. Nxe5 Nxe5 12. dxe5 Rxe5 13. O-O Re8 14. Bb2 Be6 15. c5 Qc7 16. Bd4 Nd7 17. Bb5 Rec8 18. Bxd7 Qxd7 19. h3 Bf8 20. Rc1 Bf5 21. Rc3 Ra6 22. Qf3 h5 (22... b5 $11) 23. Rfc1 $14 Rac6 24. Qe2 Ra6 25. Rb3 (25. Nf1 $16) 25... a4 26. Rb4 (26. Rbc3 $14) 26... Ra5 {[%cal Rf8c5]} 27. Nf3 (27. e4 $11 Re8 28. e5) 27... Bxc5 $17 28. Rxc5 (28. Rb2 $17) 28... Raxc5 $19 29. Bxc5 Rxc5 30. Rd4 Rc1+ (30... Qc7 $19 31. Rd1 Rc2) 31. Rd1 $17 Qc7 32. Nd4 (32. Qd2 $142 Rxd1+ 33. Qxd1) 32... Bb1 (32... Be4 $1 $17 {next ...a3 is good for Black.} 33. Rxc1 Qxc1+ 34. Kh2 Kg7) 33. Qd2 $36 {[%mdl 2048] White has the initiative.} Rxd1+ 34. Qxd1 Bxa2 {Strongly threatening ...Qa5.} 35. Qxa4 Bc4 36. Qe8+ Kg7 37. f4 (37. Qa4 $11) 37... Qd6 38. g4 (38. Kh2 $15) 38... hxg4 (38... h4 $1 $17 {And now ...Qb4 would win.} 39. Kg2 b5 $1 {[%mdl 512]}) 39. hxg4 Bd3 40. g5 Be4 41. Kf2 Qc7 42. Qe5+ (42. Ne2 $11) 42... Qxe5 $15 43. fxe5 {[%mdl 4096] Endgame KB-KN} Bd3 44. Ke1 Kf8 $1 45. Kd2 Bc4 (45... Bf1 $1 $15) 46. Kc3 $11 Ke7 47. Kb4 b6 {[#]} 48. Kc3 (48. e4 $1 $11 {[%mdl 512]}) 48... Kd7 {[#]} (48... Ba6 $15) 49. Kb4 ({White should try} 49. e4 $1 $11 {[%mdl 512]}) 49... Bf1 $15 50. Kc3 Bh3 51. Kb4 Kc7 (51... Kc8 $15) 52. Nb5+ $11 Kb8 53. Nd4 (53. Nd6 $11) 53... Bd7 $15 54. Nf3 Kb7 55. Nd4 Ka6 56. Nf3 b5 ({Black should play} 56... Ka7 $15) 57. Nd4 $11 Kb6 58. Nf3 Bh3 59. Nd4 Bf1 60. Nf3 Be2 61. Nd4 Bc4 62. Nf3 {[#]} Ka6 $2 {[%mdl 8192] [#]} (62... d4 $1 $11 {[%mdl 512]} 63. Nxd4 (63. exd4 Kc6) 63... Ka6) 63. Nd4 $2 ({White has to play} 63. e6 $1 $18 {[%cal Re6f7][%mdl 512]} fxe6 64. Ne5) 63... Kb6 {Precision: White = 52%, Black = 44%.} *

[Event "Central-SRB chT 2018"]
[Site "Kragujevac"]
[Date "2018.09.18"]
[Round "7"]
[White "Markovic, Milan D"]
[Black "Zivkovic, Ivan B"]
[Result "0-1"]
[WhiteElo "2247"]
[BlackElo "2349"]
[Annotator "TA"]
[PlyCount "98"]
[EventDate "2018.09.14"]
[EventType "team-tourn"]
[EventCountry "SRB"]
[SourceTitle "playchess.com"]
[Source "ChessBase"]
[SourceQuality "1"]

{[%evp 21,98,-39,-39,-30,-13,-81,-74,-64,-62,-74,-77,-69,-50,-27,-45,-41,-27,-55,-50,-60,-53,-67,-51,-198,-198,-194,-196,-200,-177,-172,-158,-175,-168,-191,-180,-229,-233,-226,-228,-222,-222,-270,-260,-300,-292,-359,-377,-363,-366,-355,-350,-350,-274,-279,-273,-268,-146,-200,-206,-274,-273,-301,-285,-299,-288,-296,-284,-434,-411,-364,-427,-427,-427,-410,-392,-359,-348,-29969,-29972]} 1. e4 c5 2. Nf3 g6 3. d4 cxd4 4. Qxd4 Nf6 5. Bb5 a6 {[%cal Ba7a6,Ba6b5,Bb5b4][%mdl 32]} 6. e5 axb5 7. exf6 Nc6 {B27: Sicilian: 2 Nf3, unusual Black 2nd moves} 8. fxe7 (8. Qd3 b4 9. O-O e5 10. Nbd2 d6 11. c3 Qxf6 12. Ne4 Qe6 13. Nfg5 Qe7 14. Nxh7 f5 15. Nef6+ {1-0 (31) Sargissian,G (2667)-Salgado Lopez,I (2598) Legnica 2013}) 8... Qxe7+ 9. Qe3 b4 10. O-O Qxe3 11. Bxe3 Bg7 {LiveBook: 3 Games} 12. c3 d5 $146 ({Predecessor:} 12... O-O 13. Nd4 bxc3 14. bxc3 Ra4 15. Rd1 {½-½ (53) Ruszin,A (2106)-Gjuran,D (2357) Hungary 2010}) 13. Nd4 (13. Bc5 $11) 13... bxc3 14. bxc3 Ra4 {[%cal Rc6d4]} 15. Rd1 O-O 16. a3 Re8 17. Nb5 Be6 18. Nd2 Na5 19. Bc5 Rc8 20. Bd4 Bf8 21. Re1 Bf5 {Threatens to win with ...Bd3.} 22. Re5 {[#]} ({Better is} 22. Be5 $15) 22... Nc6 $1 $19 {[%cal Rc6e5]} 23. Rxd5 Be6 24. Rd6 Bxd6 25. Nxd6 Rca8 26. Bf6 Rxa3 27. Rxa3 Rxa3 28. h4 Ra1+ 29. Kh2 Rd1 30. Bg5 b6 31. N2e4 f5 32. Nf6+ Kg7 33. Nde8+ Kf7 34. Nc7 {[#]} h6 $1 35. Nh7 (35. Bxh6 Kxf6) 35... Bc4 36. Bxh6 Ne5 37. f3 Rd7 38. Na8 {[#]} Rb7 (38... b5 $1 $19 {...Rd3 is the strong threat.} 39. Bf4 Nc6 40. Ng5+ Kg8) 39. Be3 (39. Bf4 $17 {might work better.}) 39... Nd7 40. Bf4 Ke7 41. g4 fxg4 42. fxg4 Ra7 43. Nc7 Kd8 44. h5 (44. Kg3 $142) 44... gxh5 ({Less strong is} 44... Rxc7 45. Bxc7+ Kxc7 46. h6 $19) 45. gxh5 Rxc7 46. Bxc7+ Kxc7 47. Kg3 Bd3 48. Ng5 Nf6 49. h6 $2 (49. Kf2 $19) 49... Ne4+ {Precision: White = 29%, Black = 75%.} 0-1

[Event "Central-SRB chT 2018"]
[Site "Kragujevac"]
[Date "2018.09.18"]
[Round "7"]
[White "Biljanic, Ljubomir"]
[Black "Nestorovic, Nikola"]
[Result "1-0"]
[WhiteElo "2212"]
[BlackElo "2453"]
[Annotator "TA"]
[PlyCount "117"]
[EventDate "2018.09.14"]
[EventType "team-tourn"]
[EventCountry "SRB"]
[SourceTitle "playchess.com"]
[Source "ChessBase"]
[SourceQuality "1"]

{[%evp 9,117,-24,-25,-28,-10,-25,0,0,0,0,0,-10,61,53,59,8,22,-19,-21,-20,0,0,0,0,0,0,0,0,0,0,0,0,0,0,0,-14,-14,-14,0,-19,-12,-22,-10,-22,10,0,8,0,41,41,28,12,40,38,41,0,79,72,108,110,93,94,122,107,165,172,267,292,280,244,244,244,244,244,243,227,207,205,205,205,205,205,205,205,205,205,206,206,206,206,206,206,206,205,1183,657,1178,1183,1142,847,1584,1591,1571,1376,5097,5085,29975,29974,29969,29965]} 1. d4 Nf6 2. Nf3 c5 3. e3 g6 4. Nc3 (4. d5 Bg7 5. Nc3 O-O 6. Be2 d6 7. O-O e6 8. dxe6 Bxe6 9. e4 Nc6 10. Bf4 d5 11. exd5 Nxd5 12. Nxd5 Qxd5 13. Qxd5 Bxd5 {1-0 (52) Karjakin,S (2783)-Nepomniachtchi,I (2751) chess.com INT 2017}) 4... d5 5. Bd3 Bg7 {LiveBook: 3 Partien} 6. h3 {A48: Königsindisch (ohne c2-c4)} O-O 7. O-O Nc6 8. dxc5 $146 {Die Stellung ist ausgeglichen.} ({Vorgänger:} 8. a3 b6 9. Re1 Re8 10. Bb5 Bb7 11. Ne5 Qc7 {0-1 (48) Filipovic,T (1865)-Debevec,B (2083) Paracin 2012}) 8... Qa5 9. Nb5 e5 {Weiss muss nun ...a6 beachten.} 10. Be2 Be6 (10... a6 $1 $11 11. Bd2 Qd8) 11. Bd2 Qd8 12. b4 ({Besser ist} 12. Ng5 $14) 12... Ne4 13. Rb1 a6 14. Nc3 Nxc3 15. Bxc3 d4 16. exd4 exd4 17. Bd2 Bxa2 18. Ra1 Bd5 19. Bd3 Re8 20. Re1 Qd7 21. Rb1 Na7 {[%cal Bc6a7,Ba7b5,Bb5c3][%mdl 32]} 22. Bf4 Rxe1+ 23. Qxe1 Nb5 24. Qf1 Nc3 25. Ra1 $1 Re8 26. Re1 Bxf3 27. gxf3 Bf6 28. Kg2 Kg7 29. Rxe8 Qxe8 30. Qc1 h5 31. Bh6+ Kh7 32. Qf4 Qe7 (32... Qe6 $11 {bleibt in der Remisbreite.}) 33. Bf8 $1 $40 {[%cal Rf8e7][%mdl 128] Schwarz ist in Schwierigkeiten.} Qe5 34. Qxe5 Bxe5 {[%mdl 4096] Endspiel KLL-KLS} 35. Bd6 Bf6 36. f4 Kg8 (36... Bd8 $16) 37. Kf3 $18 Bg7 (37... Bd8 $142 38. Be5 Nb5) 38. Be4 Nb5 39. Bxb7 {Und Le7 würde nun gewinnen.} Nxd6 40. cxd6 {KL-KL} f5 41. Bxa6 {[#] Und weiter mit b5 wäre nett.} Kf7 42. Bc4+ Ke8 43. b5 {[%cal Bb4b5,Bb5b6,Bb6b7][%mdl 32]} Bf8 44. d7+ $1 Kxd7 45. Bf7 h4 46. Bxg6 Ke6 47. b6 Bc5 48. b7 Bd6 49. Ke2 Bxf4 50. Kd3 Be5 51. Kc4 f4 $2 {[#]} (51... Bc7 52. Kxd4 Kd6 53. Bxf5 Bb6+ 54. Kc4 Kc7) 52. Kc5 Kd7 53. Kd5 Bb8 54. Bf5+ Kc7 55. Bc8 Ba7 56. f3 d3 57. cxd3 {[%cal Bc2d3,Bd3d4][%mdl 32]} Bf2 58. Ke5 Bg3 59. d4 {Precision: Weiß = 72%, Schwarz = 49%.} 1-0

[Event "Central-SRB chT 2018"]
[Site "Kragujevac"]
[Date "2018.09.18"]
[Round "7"]
[White "Radosavljevic, Slobodan S"]
[Black "Dimitrijevic, Radmilo"]
[Result "0-1"]
[WhiteElo "2106"]
[BlackElo "2247"]
[Annotator "NA"]
[PlyCount "50"]
[EventDate "2018.09.14"]
[EventType "team-tourn"]
[EventCountry "SRB"]
[SourceTitle "playchess.com"]
[Source "ChessBase"]
[SourceQuality "1"]
[TimeControl "40/5400+30:1800+30"]

1. d4 d5 2. Nf3 Nf6 3. c4 dxc4 4. Nc3 a6 {LiveBook: 774 Games} 5. a4 Nc6 6. e4 Bg4 7. e5 {D24: Queen's Gambit Accepted: 3 Nf3 Nf6 4 Nc3} (7. Be3 Bxf3 8. gxf3 e5 9. dxe5 Nxe5 10. f4 Nd3+ 11. Bxd3 cxd3 12. Qb3 Be7 13. O-O-O O-O 14. Rhg1 b5 15. e5 Nd7 16. Rxd3 Qc8 {0-1 (30) Ivanchuk,V (2710)-Dominguez Perez,L (2732) Huaian 2016}) 7... Bxf3 8. gxf3 Nd5 9. Bxc4 Nb6 10. Bxf7+ $146 ({Predecessor:} 10. Ba2 Qxd4 11. Qb3 e6 12. Be3 Qb4 13. f4 Rd8 14. Bxb6 cxb6 15. Qxb4 Nxb4 {0-1 (51) Solymosi,I (2177)-Farkas,R (2117) Hungary 2012}) 10... Kxf7 11. e6+ Kxe6 12. Qb3+ Nd5 13. O-O Ncb4 14. Nxd5 Nxd5 15. Qxb7 Kf7 16. Re1 e6 17. Bd2 Bd6 18. Re4 Qd7 19. Qb3 Rhe8 20. f4 Kg8 $19 21. f5 Qf7 22. Rxe6 Qxf5 23. Re5 Rxe5 24. dxe5 Qxe5 25. Bf4 Qe6 0-1

[Event "Central-SRB chT 2018"]
[Site "Kragujevac"]
[Date "2018.09.18"]
[Round "7"]
[White "Arandjelovic, Aleksandar Z"]
[Black "Rajkovic, Mladen"]
[Result "0-1"]
[WhiteElo "2041"]
[BlackElo "2304"]
[Annotator "ChessBase"]
[PlyCount "168"]
[EventDate "2018.09.14"]
[EventType "team-tourn"]
[EventCountry "SRB"]
[SourceTitle "playchess.com"]
[Source "ChessBase"]
[SourceQuality "1"]
[TimeControl "40/5400+30:1800+30"]

1. d4 {[%emt 0:02:04]} Nf6 {[%emt 0:01:49]} 2. c4 {[%emt 0:00:30]} g6 {[%emt 0:00:06]} 3. Nc3 {[%emt 0:00:49]} d5 {[%emt 0:00:06]} 4. cxd5 {[%emt 0:00:08]} Nxd5 {[%emt 0:00:05]} 5. e4 {[%emt 0:00:06]} Nxc3 {[%emt 0:00:04]} 6. bxc3 {[%emt 0:00:10]} Bg7 {[%emt 0:00:02]} 7. Nf3 {[%emt 0:00:07]} O-O {[%emt 0:00:07]} 8. Be2 {[%emt 0:00:07]} c5 {[%emt 0:00:12]} 9. Rb1 {[%emt 0:00:07]} b6 {[%emt 0:00:06]} 10. O-O {[%emt 0:02:27]} Bb7 {[%emt 0:01:17]} 11. Qd3 {[%emt 0:02:41]} Ba6 {[%emt 0:00:41]} 12. Qe3 {[%emt 0:00:08]} Qc8 {[%emt 0:04:51]} 13. Re1 {[%emt 0:22:06]} Bxe2 {[%emt 0:09:02]} 14. Qxe2 {[%emt 0:03:00]} Qa6 {[%emt 0:05:56]} 15. Qb2 {[%emt 0:04:33]} cxd4 {[%emt 0:05:55]} 16. cxd4 {[%emt 0:00:40]} Nc6 {[%emt 0:00:07]} 17. Be3 {[%emt 0:00:58]} Rac8 {[%emt 0:03:09]} 18. Qb3 {[%emt 0:06:57]} e6 {[%emt 0:10:20]} 19. h4 {[%emt 0:03:15]} Rfd8 {[%emt 0:00:46]} 20. Bg5 {[%emt 0:01:55]} Nxd4 {[%emt 0:02:17]} 21. Nxd4 {[%emt 0:05:05]} Rxd4 {[%emt 0:00:06]} 22. e5 {[%emt 0:02:48]} Qd3 {[%emt 0:08:51]} 23. Rbc1 {[%emt 0:16:02]} Qa6 {[%emt 0:19:53]} 24. Rxc8+ {[%emt 0:05:40]} Qxc8 {[%emt 0:00:02]} 25. Rc1 {[%emt 0:00:29]} Qd7 {[%emt 0:01:12]} 26. Qf3 {[%emt 0:07:29]} Bxe5 {[%emt 0:02:27]} 27. h5 {[%emt 0:00:36]} Rd5 {[%emt 0:07:16]} 28. h6 {[%emt 0:02:18]} f5 {[%emt 0:02:09]} 29. Re1 {[%emt 0:02:14]} Kf7 {[%emt 0:01:06]} 30. g3 {[%emt 0:00:50]} Bf6 {[%emt 0:01:29]} 31. Bxf6 {[%emt 0:02:17]} Kxf6 {[%emt 0:00:01]} 32. Qc3+ {[%emt 0:01:16]} Rd4 {[%emt 0:00:51]} 33. f4 {[%emt 0:01:23]} Ke7 {[%emt 0:00:42]} 34. Qa3+ {[%emt 0:00:29]} Kf7 {[%emt 0:00:58]} 35. Qc3 {[%emt 0:00:40]} Qd8 {[%emt 0:05:04]} 36. Kh2 {[%emt 0:01:25]} g5 {[%emt 0:05:07]} 37. fxg5 {[%emt 0:01:13]} Rd2+ {[%emt 0:00:13]} 38. Kh3 {[%emt 0:00:32]} Qxg5 {[%emt 0:00:02]} 39. Qc7+ {[%emt 0:00:42]} Qe7 {[%emt 0:03:07]} 40. Qc3 {[%emt 0:00:00]} Qg5 {[%emt 0:00:00]} 41. Qc7+ {[%emt 0:02:34]} Kf8 {[%emt 0:03:34]} 42. Qb8+ {[%emt 0:05:59]} Rd8 {[%emt 0:09:05]} 43. Qf4 {[%emt 0:00:27]} Qxf4 {[%emt 0:00:40]} 44. gxf4 {[%emt 0:00:02]} Kf7 {[%emt 0:00:21]} 45. Kh4 {[%emt 0:01:30]} Rg8 {[%emt 0:04:38]} 46. Rc1 {[%emt 0:00:46]} Rg4+ {[%emt 0:00:09]} 47. Kh5 {[%emt 0:00:13]} Rxf4 {[%emt 0:01:05]} 48. Rc7+ {[%emt 0:04:29]} Kf6 {[%emt 0:00:05]} 49. Rxh7 {[%emt 0:00:44]} Rf1 {[%emt 0:02:29]} 50. Kh4 {[%emt 0:00:28]} Rh1+ {[%emt 0:00:21]} 51. Kg3 {[%emt 0:00:14]} Kg5 {[%emt 0:00:26]} 52. Rg7+ {[%emt 0:01:20]} Kxh6 {[%emt 0:00:07]} 53. Rxa7 {[%emt 0:00:13]} Kg5 {[%emt 0:00:35]} 54. Rg7+ {[%emt 0:01:23]} Kf6 {[%emt 0:00:02]} 55. Rb7 {[%emt 0:00:23]} Ra1 {[%emt 0:00:08]} 56. Ra7 {[%emt 0:01:28]} Rb1 {[%emt 0:00:09]} 57. Ra8 {[%emt 0:01:38]} Rb5 {[%emt 0:00:08]} 58. Kf4 {[%emt 0:01:15]} Rb4+ {[%emt 0:00:22]} 59. Ke3 {[%emt 0:00:12]} b5 {[%emt 0:00:04]} 60. Rf8+ {[%emt 0:00:29]} Ke5 {[%emt 0:00:13]} 61. Rb8 {[%emt 0:00:09]} Rb2 {[%emt 0:00:38]} 62. Rb7 {[%emt 0:00:34]} Rxa2 {[%emt 0:00:07]} 63. Rxb5+ {[%emt 0:00:17]} Kf6 {[%emt 0:00:06]} 64. Rb6 {[%emt 0:00:14]} Ra4 {[%emt 0:00:07]} 65. Kf3 {[%emt 0:00:19]} Rd4 {[%emt 0:01:11]} 66. Ra6 {[%emt 0:00:32]} f4 {[%emt 0:00:37]} 67. Ra8 {[%emt 0:00:20]} Kf5 {[%emt 0:00:34]} 68. Rf8+ {[%emt 0:00:48]} Ke5 {[%emt 0:00:02]} 69. Ra8 {[%emt 0:00:17]} Rd3+ {[%emt 0:00:10]} 70. Ke2 {[%emt 0:00:24]} Ke4 {[%emt 0:00:29]} 71. Ra4+ {[%emt 0:00:32]} Rd4 {[%emt 0:00:04]} 72. Ra2 {[%emt 0:00:12]} f3+ {[%emt 0:00:28]} 73. Kf2 {[%emt 0:00:10]} e5 {[%emt 0:00:10]} 74. Ke1 {[%emt 0:01:19]} Ke3 {[%emt 0:00:46]} 75. Re2+ {[%emt 0:03:08]} Kf4 {[%emt 0:00:05]} 76. Ra2 {[%emt 0:00:19]} e4 {[%emt 0:00:11]} 77. Ra8 {[%emt 0:00:37]} e3 {[%emt 0:00:46]} 78. Rf8+ {[%emt 0:01:21]} Kg3 {[%emt 0:00:06]} 79. Rg8+ {[%emt 0:00:09]} Rg4 {[%emt 0:00:06]} 80. Rf8 {[%emt 0:00:16]} Kg2 {[%emt 0:00:11]} 81. Rf7 {[%emt 0:00:13]} Ra4 {[%emt 0:00:52]} 82. Rg7+ {[%emt 0:00:11]} Kh3 {[%emt 0:00:03]} 83. Rh7+ {[%emt 0:01:04]} Kg4 {[%emt 0:00:03]} 84. Rg7+ {[%emt 0:00:13]} Kh5 {[%emt 0:00:06]} 0-1

[Event "Central-SRB chT 2018"]
[Site "Kragujevac"]
[Date "2018.09.18"]
[Round "7"]
[White "Dezelin, Milan"]
[Black "Zajic, Milan"]
[Result "0-1"]
[WhiteElo "1985"]
[BlackElo "2497"]
[Annotator "TA"]
[PlyCount "45"]
[EventDate "2018.09.14"]
[EventType "team-tourn"]
[EventCountry "SRB"]
[SourceTitle "playchess.com"]
[Source "ChessBase"]
[SourceQuality "1"]

{[%evp 20,45,-1,-9,8,6,2,-16,0,0,0,-29,0,-103,-100,-244,-239,-264,-240,-262,-269,-482,-469,-451,-470,-473,-466,-706]} 1. d4 Nf6 2. Nf3 e6 3. e3 d5 4. Bd3 c5 5. b3 Bd6 6. O-O O-O 7. Bb2 b6 8. Nbd2 Bb7 9. Ne5 Nc6 {D05: Damenbauernspiele (Colle-Aufbau)} 10. a3 Rc8 (10... Ne7 11. dxc5 bxc5 12. c4 Ng6 13. Nxg6 hxg6 14. cxd5 exd5 {½-½ (40) Nakamura,H (2763)-Le,Q (2715) chess.com INT 2018}) 11. Qe2 {LiveBook: 26 Partien} Na5 {Die Stellung ist ausgeglichen.} 12. f4 Qe7 13. c4 $146 ({Vorgänger:} 13. c3 Nxb3 14. Nxb3 c4 15. Nxc4 dxc4 16. Bxc4 Rxc4 17. Qxc4 Bd5 18. Qb5 {½-½ (20) Garcia Paolicchi,R (2263)-Simon Padros,E (2282) Ciudad Real 2004}) 13... Rcd8 14. cxd5 exd5 15. Bb5 Rc8 16. Rfe1 (16. dxc5 $11 {hält das Gleichgewicht.} bxc5 17. Rae1) 16... cxd4 $17 17. exd4 (17. Bxd4 $17 {war erzwungen.} Rc2 18. Ba4) 17... Rc2 $19 18. Rab1 Ne4 ({Finger weg von} 18... Bxa3 19. Bxa3 Qxa3 20. Bd3 $17) 19. Nef3 {[#]} Nxb3 $1 {[%mdl 512]} 20. Bd3 $2 (20. Qd1 {war angesagt.} Nbxd2 21. Qxc2 Nxb1 22. Qxb1) (20. Nxb3 Rxe2) 20... Rxd2 {Schwarz steht klar auf Gewinn.} 21. Nxd2 Nbxd2 22. Rbd1 Nb3 23. Bc1 (23. g3 $142) 0-1